Les Mers - Mort Subite - Statistiques

Statistiques générales
  • Ce quiz a été pris 235 fois
  • Le résultat moyen est 13 sur 20
Answers on the Grid
Answers color-coded by a green-red scale on the quiz's grid according to % correct below.
Marmara
de Champlain
Tasman
Baltique
Léman
du Nord
Dora
de Toba
Baltique
de Duru
Méditérranée
de Kariba
des Wadden
d'Arabie
de Bismarck
des Caraïbes
Morte
de Célèbes
Adriatique
de Béring
d'Aral
de Constance
de Kara
Titicaca
Rouge
Tibériade
Caspienne
des Salomon
Connemara
Noire
 
Statistiques - réponses
Réponse % Correct
Baltique
96%
Méditérranée
96%
du Nord
95%
Noire
95%
des Caraïbes
93%
Caspienne
90%
Morte
88%
Rouge
88%
Baltique
87%
Adriatique
82%
d'Arabie
70%
d'Aral
47%
de Béring
46%
des Salomon
40%
Marmara
37%
Tasman
33%
de Célèbes
32%
de Kara
26%
de Bismarck
19%
des Wadden
19%
Aucun quiz correspondant
Distribution des résultats
% des personnes avec chaque résultat
Percentile par nombre de réponses
Votre historique - résultats
Vous n’avez pas pris ce quiz